| 000 -LEADER |
| fixed length control field |
00476nam a2200193Ia 4500 |
| 008 - FIXED-LENGTH DATA ELEMENTS--GENERAL INFORMATION |
| fixed length control field |
190719s9999||||xx |||||||||||||| ||und|| |
| 020 ## - INTERNATIONAL STANDARD BOOK NUMBER |
| Terms of availability |
300 |
| 082 ## - DEWEY DECIMAL CLASSIFICATION NUMBER |
| Classification number |
551.5 |
| Item number |
S9417 |
| 100 ## - MAIN ENTRY--PERSONAL NAME |
| Personal name |
H. Subramaniam |
| 245 #0 - TITLE STATEMENT |
| Title |
Marine meteorology: nutshell series book 2 / |
| 250 ## - EDITION STATEMENT |
| Edition statement |
3rd ed. |
| 260 ## - PUBLICATION, DISTRIBUTION, ETC. (IMPRINT) |
| Place of publication, distribution, etc |
Mumbai: |
|
| Name of publisher, distributor, etc |
Vijaya Publications, |
|
| Date of publication, distribution, etc |
2010. |
| 300 ## - PHYSICAL DESCRIPTION |
| Extent |
262p. |
|
| Other physical details |
14cm, pbk |
| 650 ## - SUBJECT ADDED ENTRY--TOPICAL TERM |
| Topical term or geographic name as entry element |
Marine meteorology |
| 942 ## - ADDED ENTRY ELEMENTS (KOHA) |
| Item type |
Books |